| 000 | 02414nam a22002537a 4500 | ||
|---|---|---|---|
| 999 |
_c63658 _d63658 |
||
| 003 | Ge_BSU | ||
| 005 | 20251202195700.0 | ||
| 008 | 251202s2019 ge ||||| |||| 00| 0 geo d | ||
| 041 | _ageo | ||
| 080 | _a94(479.22)"1918.05"(093) კ-22 | ||
| 100 |
_aკანდელაკი, კონსტანტინე _926323 |
||
| 245 |
_aქართული საკითხი თავისუფალი სამყაროს წინაშე : _b(დადგენილებები - დოკუმენტები - სამხილები) / _cკონსტანტინე კანდელაკი; ქართულად ნათარგმნი ლადო მირიანაშვილი; წინასიტყვაობა ქრისტინე ფაღავა ბულეზი; წინასიტყვაობა ფრანგულიდან თარგმნა თინათინ მილორავამ. |
||
| 264 |
_aთბილისი : _bნოე ჟორდანიას ინსტიტუტი, _c2019. |
||
| 300 |
_a328 გვ. ; _b 21 სმ. |
||
| 500 | _aთარგმნილია 1953 წლის ინგლისური გამოცემიდან | ||
| 501 | _aგამოცემულია ნოე ჟორდანიას ინ-ტის ინიციატივითა და საქ. პრეზიდენტის ფონდის ფინანსური მხარდაჭერით. პირთა საძიებელი: გვ. 321-323. | ||
| 504 | _aბიბლიოგრაფია ტექსტის შენიშვნებში. | ||
| 653 | _a1918-1921 წლები -- საქართველოს დემოკრატიული რესპუბლიკა. | ||
| 653 | _aსაქართველოს ოკუპაცია რუსეთის მიერ | ||
| 700 |
_aმირიანაშვილი, ლადო _eმთარგმნელი _926324 |
||
| 700 |
_aფაღავა ბულეზი, ქრისტინე _e წინასიტყვაობის ავტორი _910276 |
||
| 700 |
_aმილორავა, თინათინ _eწინასიტყვაობის მთარგმნელი. _926325 |
||
| 942 |
_2udc _cᲬᲘᲒᲜᲘ |
||